[Event "SRB-chT3 East CS"]
[Site "Kladovo"]
[Date "2016.10.15"]
[Round "9.44"]
[White "Stojanovic, Goran"]
[Black "Bulutic, Sasa"]
[Result "1-0"]
[WhiteElo "2022"]
[BlackElo "1904"]
[PlyCount "33"]
[EventDate "2016.09.04"]
[EventType "team-tourn"]
[EventRounds "11"]
[EventCountry "SRB"]
[SourceTitle "EXT 2021"]
[Source "ChessBase"]
[SourceDate "2020.10.23"]
[SourceVersion "1"]
[SourceVersionDate "2020.10.23"]
[SourceQuality "1"]

1. e4 c5 2. g3 Nc6 3. Bg2 g6 4. Ne2 Bg7 5. c3 d6 6. d4 cxd4 7. cxd4 Qb6 8. Nbc3 Bxd4 9. Nd5 Qa5+ 10. Bd2 Qd8 11. Nxd4 Nxd4 12. Bc3 e5 13. Bxd4 exd4 14. Qxd4 f6 15. Rc1 Kf8 16. 0-0 Be6 17. Nc7 1-0